Largest Towns in Dalarna - Statistics

General Stats
  • This quiz has been taken 32 times
  • The average score is 14 of 20
Answer Stats
Population Town % Correct
44,898 Borlänge
100%
40,726 Falun
100%
16,268 Avesta
96%
1,926 Enbacka-Mora
96%
12,854 Mora
96%
6,050 Orsa
92%
6,402 Leksand
83%
5,322 Rättvik
79%
15,614 Ludvika
71%
5,014 Malung
71%
7,597 Hedemora
67%
4,731 Säter
67%
5,235 Smedjebacken
63%
2,113 Vansbro
63%
2,177 Djurås
50%
1,912 Älvdalen
46%
3,189 Grängesberg
42%
2,106 Bjursås
29%
2,086 Insjön
25%
2,031 Mockfjärd
21%
No matching quizzes found
Score Distribution
Percent of People with Each Score
Percentile by Number Answered
Your Score History
You have not taken this quiz